Drug trafficking in and through Hawaii and Guam : hearings before the Select Committee on Narcotics Abuse and Control, House of Representatives, Ninety-fifth Congress, second session ...

Bibliographic Details
Corporate Authors: United States. Congress. House. Select Committee on Narcotics Abuse and Control, ProQuest (Firm)
Format: Government Document eBook
Language:English
Published: Washington : U.S. Govt. Print. Off, 1978 i.e. 1979.
Series:U.S. Congressional Hearings.
Subjects:
Online Access:Connect to the full text of this electronic book

MARC

Tag First Indicator Second Indicator Subfields
LEADER 00000cam a22000001a 4500
001 in00003187607
006 m d f
007 cr bn mmmapmmp
008 100309s1978 dcua o f000 0 eng d
005 20260511204526.8
035 |a cis2007490677 
040 |a UMI  |c UMI  |d UtOrBLW 
043 |a n-us--- 
074 |a 1009 
086 0 |a Y 4.N 16:95-2-18 
099 |a HRG-1978-NAC-0005 
110 1 |a United States.  |b Congress.  |b House.  |b Select Committee on Narcotics Abuse and Control. 
245 1 0 |a Drug trafficking in and through Hawaii and Guam :  |b hearings before the Select Committee on Narcotics Abuse and Control, House of Representatives, Ninety-fifth Congress, second session ... 
264 1 |a Washington :  |b U.S. Govt. Print. Off,  |c 1978 i.e. 1979. 
300 |a 1 online resource. 
336 |a text  |b txt  |2 rdacontent 
337 |a computer  |b c  |2 rdamedia 
338 |a online resource  |b cr  |2 rdacarrier 
490 0 |a SCNAC ;  |v no. 95-2-18 
500 |a Record is based on bibliographic data in ProQuest Congressional Hearings Digital Collection. Reuse except for individual research requires license from ProQuest, LLC. 
538 |a System requirements: PDF reader software. 
500 |a Electronic resource. 
650 0 |a Drug control  |z Hawaii. 
650 0 |a Drug control  |z Guam. 
655 7 |a Electronic books.  |2 local 
710 2 |a ProQuest (Firm) 
776 0 8 |i Print version:   |a United States. Congress. House. Select Committee on Narcotics Abuse and Control.  |t Drug trafficking in and through Hawaii and Guam  |w (OCoLC)05343674  |w gp 79021616 
776 0 8 |i Microfiche version:   |a United States. Congress. House. Select Committee on Narcotics Abuse and Control.  |t Drug trafficking in and through Hawaii and Guam.  |d [Bethesda, Md.] : ProQuest,[2004]  |o CIS 79 H961-34  |w (ProQuest)cis07901858 
830 0 |a U.S. Congressional Hearings. 
856 4 0 |u http://proxy.library.tamu.edu/login?url=https://congressional.proquest.com/congcomp/getdoc?HEARING-ID=HRG-1978-NAC-0005  |z Connect to the full text of this electronic book  |t 0 
998 |a cis07901858 
999 |a MARS 
999 f f |s e15deea2-bbdd-3aae-96c0-2780e4e629aa  |i 90a4195f-c484-3ed3-a960-15130deecf2e  |t 0 
952 f f |a Texas A&M University  |b College Station  |c Electronic Resources  |s www_evans  |d Available Online  |t 0  |e HRG-1978-NAC-0005  |h Other scheme 
998 f f |a HRG-1978-NAC-0005  |t 0  |l Available Online